|
|
|
|
| LEADER |
00000nam0a2200000 4500 |
| 001 |
199969 |
| 005 |
20231101224924.0 |
| 010 |
|
|
|a 9785769580772
|
| 035 |
|
|
|a (RuTPU)RU\TPU\book\218028
|
| 035 |
|
|
|a RU\TPU\book\141188
|
| 090 |
|
|
|a 199969
|
| 100 |
|
|
|a 20080204d2011 m y0rusy50 ca
|
| 101 |
0 |
|
|a rus
|
| 102 |
|
|
|a RU
|
| 105 |
|
|
|a a j 001zy
|
| 200 |
1 |
|
|a Современные средства оценивания результатов обучения
|e учебное пособие
|f В. И. Звонников, М. Б. Челышкова
|
| 205 |
|
|
|a 4-е изд., стер.
|
| 210 |
|
|
|a Москва
|c Академия
|d 2011
|
| 215 |
|
|
|a 224 с.
|c ил.
|
| 225 |
1 |
|
|a Высшее профессиональное образование. Педагогическое образование
|
| 320 |
|
|
|a Литература: с. 216-219.
|
| 330 |
|
|
|a Учебное пособие посвящено истории, методам и средствам педагогического контроля. В нем содержатся теоретические и методические подходы к конструированию педагогических тестов, анализируются их функции и возможности применения. Рассматривается использование тестов на различных уровнях: в школьных контрольно-оценочных системах, на национальных экзаменах и в системах мониторинга качества образования. Предназначено для студентов высших педагогических учебных заведений, а также для учителей школ, преподавателей вузов и ссузов, использующих в своей профессиональной деятельности педагогические тесты.
|
| 451 |
|
1 |
|0 (RuTPU)RU\TPU\book\141188
|y 978-5-7695-3568-0
|t Современные средства оценивания результатов обучения
|o учебное пособие
|f В. И. Звонников, М. Б. Челышкова
|c М.
|n Академия
|d 2007
|p 224 с.
|s Высшее профессиональное образование. Педагогические специальности
|a Звонников, Виктор Иванович
|
| 606 |
1 |
|
|a Дидактика
|x Школьная
|2 stltpush
|3 (RuTPU)RU\TPU\subj\9460
|9 36704
|
| 610 |
1 |
|
|a педагогика
|
| 610 |
1 |
|
|a образование
|
| 610 |
1 |
|
|a обучение
|
| 610 |
1 |
|
|a успеваемость
|
| 610 |
1 |
|
|a контроль
|
| 610 |
1 |
|
|a проверка
|
| 610 |
1 |
|
|a оценка
|
| 610 |
1 |
|
|a педагогический контроль
|
| 610 |
1 |
|
|a педагогическое тестирование
|
| 610 |
1 |
|
|a педагогические измерения
|
| 610 |
1 |
|
|a тесты
|
| 610 |
1 |
|
|a компьютерное тестирование
|
| 610 |
1 |
|
|a конструирование
|
| 610 |
1 |
|
|a надежность
|
| 610 |
1 |
|
|a валидность
|
| 610 |
1 |
|
|a подготовка
|
| 610 |
1 |
|
|a проведение
|
| 610 |
1 |
|
|a результаты
|
| 610 |
1 |
|
|a шкалирование
|
| 610 |
1 |
|
|a качество
|
| 610 |
1 |
|
|a ЕГЭ
|
| 610 |
1 |
|
|a Единый государственный экзамен
|
| 610 |
1 |
|
|a учебные пособия
|
| 686 |
|
|
|a Ч421.28я73
|v LBC/SL-A
|2 rubbk
|
| 700 |
|
1 |
|a Звонников
|b В. И.
|g Виктор Иванович
|
| 701 |
|
1 |
|a Челышкова
|b М. Б.
|g Марина Борисовна
|
| 801 |
|
1 |
|a RU
|b 63413507
|c 20110831
|
| 801 |
|
2 |
|a RU
|b 63413507
|c 20150610
|g RCR
|
| 900 |
|
|
|a Аудит качества
|
| 942 |
|
|
|c BK
|
| 951 |
|
|
|b 050100
|
| 959 |
|
|
|a 71/20110830
|d 2
|e 220,00
|f ЧЗГЛ:1
|f АНЛ:1
|